Escola d'Estiu 1983
Descripción Física:
118 p. ; 24 cm
MARC
| LEADER | 00000nam a2200000Ia 4500 | ||
|---|---|---|---|
| 001 | 1275 | ||
| 003 | BGR | ||
| 005 | 20260324175255.0 | ||
| 008 | 160829s1984 xx 000 0 cat d | ||
| 080 | |a E-1-74 | ||
| 111 | |a Escola d'Estiu (Barcelona) |9 70796 |c (Barcelona : |d 1983) | ||
| 245 | |a Escola d'Estiu 1983 | ||
| 260 | |a Barcelona : |b Generalitat de Catalunya. Departament d'Ensenyament, |c 1984 | ||
| 300 | |a 118 p. ; |c 24 cm | ||
| 650 | 0 | |a Mestres |x Educació (Educació permanent) |z Catalunya |9 22005 | |
| 710 | |a Catalunya. |b Departament d'Ensenyament |9 52899 | ||
| 901 | |a Arxiu | ||
| 942 | |n 1 |2 udc |c MON | ||
| 952 | |0 0 |1 0 |4 0 |6 E174 |7 1 |9 43118 |a Arxiu |b Arxiu |d 2016-12-01 |l 0 |o E-1-74 |p 1275 |r 2016-12-01 00:00:00 |w 2016-12-01 |y ARXIU | ||
| 999 | |c 45662 |d 45662 | ||